Hauptstädte Asiens-Sudden Death - Statistiken

Allgemein
  • Dieses Quiz wurde 1.044 mal gespielt
  • Das Durchschnittsergebnis liegt bei 14 aus 20
Answers on the Grid
Answers color-coded by a green-red scale on the quiz's grid according to % correct below.
Aleppo
Beirut
Peking
Ho-Chi-Minh Stadt
Neu-Delhi
Islamabad
Taschkent
Kabul
Wladiwostok
Kalkutta
Kuala Lumpur
Bangkok
Istanbul
Astana
Riad
Abu Dhabi
Dubai
Teheran
Lusail
Kuwait Stadt
Kulob
Rustawi
Jakarta
Singapur
Taipeh
Guangzhou
Ankara
Jerusalem
Manila
Duschanbe
 
Antwortstatistiken
Antwort % Korrekt
Peking
95%
Beirut
84%
Neu-Delhi
79%
Bangkok
77%
Kabul
75%
Ankara
72%
Riad
72%
Kuala Lumpur
71%
Islamabad
70%
Jakarta
69%
Singapur
69%
Teheran
68%
Manila
67%
Abu Dhabi
65%
Kuwait Stadt
65%
Jerusalem
64%
Taipeh
61%
Astana
58%
Taschkent
58%
Duschanbe
49%
Keine übereinstimmenden Quizze gefunden
Verteilung der Resultate
Anzahl Personen mit jedem Resultat
Perzentil nach korrekt beantworteten Fragen
Ihre Resultats-Entwicklung
Sie haben dieses Quiz noch nicht gespielt